<?xml version="1.0" encoding="UTF-8"?>
<record
    xmlns:xsi="http://www.w3.org/2001/XMLSchema-instance"
    xsi:schemaLocation="http://www.loc.gov/MARC21/slim http://www.loc.gov/standards/marcxml/schema/MARC21slim.xsd"
    xmlns="http://www.loc.gov/MARC21/slim">

  <leader>00928nam a2200229Ia 4500</leader>
  <controlfield tag="003">GCL</controlfield>
  <controlfield tag="008">140319s9999    xx            000 0 ara d</controlfield>
  <datafield tag="020" ind1=" " ind2=" ">
    <subfield code="a">2801223977</subfield>
  </datafield>
  <datafield tag="040" ind1=" " ind2=" ">
    <subfield code="a">GCL / </subfield>
    <subfield code="c">GCL</subfield>
  </datafield>
  <datafield tag="082" ind1="0" ind2="4">
    <subfield code="a">214.296</subfield>
    <subfield code="b">&#x645; &#x62A;</subfield>
  </datafield>
  <datafield tag="100" ind1="1" ind2=" ">
    <subfield code="a">&#x645;&#x62D;&#x645;&#x62F; &#x62C;&#x644;&#x627;&#x621; &#x627;&#x62F;&#x631;&#x64A;&#x633;</subfield>
  </datafield>
  <datafield tag="245" ind1="1" ind2="0">
    <subfield code="a">&#x627;&#x644;&#x62A;&#x623;&#x62B;&#x64A;&#x631; &#x627;&#x644;&#x627;&#x633;&#x644;&#x627;&#x645;&#x649; &#x641;&#x649; &#x627;&#x644;&#x641;&#x643;&#x631; &#x627;&#x644;&#x62F;&#x64A;&#x646;&#x649; &#x639;&#x646;&#x62F; &#x637;&#x627;&#x626;&#x641;&#x629; &#x627;&#x644;&#x64A;&#x647;&#x648;&#x62F; &#x627;&#x644;&#x642;&#x631;&#x627;&#x626;&#x64A;&#x646; / </subfield>
    <subfield code="c">&#x645;&#x62D;&#x645;&#x62F; &#x62C;&#x644;&#x627;&#x621; &#x627;&#x62F;&#x631;&#x64A;&#x633;</subfield>
  </datafield>
  <datafield tag="260" ind1=" " ind2=" ">
    <subfield code="a">&#x627;&#x644;&#x642;&#x627;&#x647;&#x631;&#x629; : </subfield>
    <subfield code="b">&#x645;&#x631;&#x643;&#x632; &#x627;&#x644;&#x62F;&#x631;&#x627;&#x633;&#x627;&#x62A; &#x627;&#x644;&#x634;&#x631;&#x642;&#x64A;&#x629; - &#x62C;&#x627;&#x645;&#x639;&#x629; &#x627;&#x644;&#x642;&#x627;&#x647;&#x631;&#x629; &#x60C; </subfield>
    <subfield code="c">2003</subfield>
  </datafield>
  <datafield tag="300" ind1=" " ind2=" ">
    <subfield code="a">139 &#x635; &#x61B; </subfield>
    <subfield code="c">20 &#x633;&#x645;</subfield>
  </datafield>
  <datafield tag="490" ind1=" " ind2=" ">
    <subfield code="a">&#x633;&#x644;&#x633;&#x644;&#x629; &#x641;&#x636;&#x644; &#x627;&#x644;&#x627;&#x633;&#x644;&#x627;&#x645; &#x639;&#x644;&#x649; &#x627;&#x644;&#x64A;&#x647;&#x648;&#x62F; &#x648;&#x627;&#x644;&#x64A;&#x647;&#x648;&#x62F;&#x64A;&#x629;</subfield>
    <subfield code="v">8</subfield>
  </datafield>
  <datafield tag="650" ind1="0" ind2="4">
    <subfield code="a">&#x627;&#x644;&#x641;&#x631;&#x642; &#x627;&#x644;&#x62F;&#x64A;&#x646;&#x64A;&#x629;</subfield>
  </datafield>
  <datafield tag="650" ind1="0" ind2="4">
    <subfield code="a">&#x627;&#x644;&#x627;&#x633;&#x644;&#x627;&#x645; &#x648;&#x627;&#x644;&#x62F;&#x64A;&#x627;&#x646;&#x627;&#x62A; &#x627;&#x644;&#x627;&#x62E;&#x631;&#x649;</subfield>
  </datafield>
  <datafield tag="650" ind1="0" ind2="4">
    <subfield code="a">&#x627;&#x644;&#x627;&#x633;&#x644;&#x627;&#x645; &#x648;&#x627;&#x644;&#x64A;&#x647;&#x648;&#x62F;&#x64A;&#x629;</subfield>
  </datafield>
  <datafield tag="650" ind1="0" ind2="4">
    <subfield code="a">&#x627;&#x644;&#x64A;&#x647;&#x648;&#x62F;&#x64A;&#x629; - &#x641;&#x631;&#x642;</subfield>
  </datafield>
  <datafield tag="650" ind1="0" ind2="4">
    <subfield code="a">&#x641;&#x631;&#x642;&#x629; &#x627;&#x644;&#x64A;&#x647;&#x648;&#x62F; &#x627;&#x644;&#x642;&#x631;&#x627;&#x626;&#x64A;&#x646;</subfield>
  </datafield>
  <datafield tag="942" ind1=" " ind2=" ">
    <subfield code="2">ddc</subfield>
    <subfield code="c">BK</subfield>
  </datafield>
  <datafield tag="999" ind1=" " ind2=" ">
    <subfield code="c">6132</subfield>
    <subfield code="d">6132</subfield>
  </datafield>
  <datafield tag="952" ind1=" " ind2=" ">
    <subfield code="0">0</subfield>
    <subfield code="1">0</subfield>
    <subfield code="4">0</subfield>
    <subfield code="7">0</subfield>
    <subfield code="a">CAI</subfield>
    <subfield code="b">CAI</subfield>
    <subfield code="d">2014-03-26</subfield>
    <subfield code="l">0</subfield>
    <subfield code="o">214.296\&#x645; &#x62A;</subfield>
    <subfield code="p">12873</subfield>
    <subfield code="r">2014-03-26 00:00:00</subfield>
    <subfield code="w">2014-03-26</subfield>
    <subfield code="y">BK</subfield>
  </datafield>
  <datafield tag="952" ind1=" " ind2=" ">
    <subfield code="0">0</subfield>
    <subfield code="1">0</subfield>
    <subfield code="4">0</subfield>
    <subfield code="7">0</subfield>
    <subfield code="a">CAI</subfield>
    <subfield code="b">CAI</subfield>
    <subfield code="d">2014-03-26</subfield>
    <subfield code="l">0</subfield>
    <subfield code="o">214.296\&#x645; &#x62A;</subfield>
    <subfield code="p">12874</subfield>
    <subfield code="r">2014-03-26 00:00:00</subfield>
    <subfield code="w">2014-03-26</subfield>
    <subfield code="y">BK</subfield>
  </datafield>
</record>
